Anime Titles (Fill in the Blank) Winter 2021 Edition - Statistics

General Stats
  • This quiz has been taken 179 times
  • The average score is 6 of 15
Answer Stats
Hint Answer % Correct
____miya Hori
77%
Redo of ______ Healer
75%
So I'm a ______, So What? Spider
72%
Mushoku Tensei: _______ Reincarnation Jobless
71%
______ EGG PRIORITY WONDER
71%
SK8 the ________ Infinity
67%
Cells at Work! CODE _____ BLACK
37%
Bottom-Tier _________ Tomozaki Character
35%
2.43: Seiin High School Boys __________ Team Volleyball
34%
______ Jihen Kemono
26%
Suppose a Kid from the ____ _______ _______ moved to a starter town? Last Dungeon Boonies
11%
_____-Leading Stars Skate
11%
Heaven's ______ Team Design
10%
Otherside ______ Picnic
10%
_____ Pride Idoly
6%
No matching quizzes found
Score Distribution
Percent of People with Each Score
Percentile by Number Answered
Your Score History
You have not taken this quiz